[Event "Bayern-chI Bank Hofmann 27th"]
[Site "Gmund am Tegernsee"]
[Date "2024.10.29"]
[Round "4"]
[White "Gernhuber, Darian"]
[Black "Butenandt, Svenja"]
[Result "0-1"]
[WhiteElo "1886"]
[BlackElo "2141"]
[PlyCount "144"]
[EventDate "2024.10.26"]
[EventType "swiss"]
[EventRounds "9"]
[EventCountry "GER"]
[SourceTitle "CB45_2024"]
[Source "ChessBase"]
[SourceDate "2024.11.06"]
[SourceVersion "1"]
[SourceVersionDate "2024.11.06"]
[SourceQuality "1"]

1. e4 c6 2. d4 d5 3. e5 Bf5 4. Nc3 e6 5. g4 Bg6 6. Nge2 c5 7. h4 h5 8. Nf4 Bh7 9. g5 Bf5 10. Nxh5 Nc6 11. Ng3 cxd4 12. Nb5 Bb4+ 13. c3 dxc3 14. bxc3 Bc5 15. Nxf5 exf5 16. Qxd5 Qxd5 17. Nc7+ Kf8 18. Nxd5 Nxe5 19. Be3 Bxe3 20. Nxe3 Rxh4 21. Rxh4 Nf3+ 22. Ke2 Nxh4 23. f4 Re8 24. Rd1 f6 25. Kf2 fxg5 26. fxg5 Ne7 27. Rd7 Rb8 28. a4 a6 29. c4 Ke8 30. Rd6 Rc8 31. Rb6 f4 32. Ng2 Nxg2 33. Kxg2 Rc5 34. Rxb7 Rxg5+ 35. Kf3 Rg1 36. Kf2 Rg6 37. Bg2 Rf6 38. c5 g5 39. Rb6 Rf5 40. Rxa6 Rxc5 41. Bf3 Rc2+ 42. Kg1 Nf5 43. Rc6 Ra2 44. Rc8+ Ke7 45. Rg8 Nd4 46. Bg4 Kf6 47. Rf8+ Kg7 48. Rd8 Rxa4 49. Rd5 Kf6 50. Rd6+ Ke5 51. Rg6 Ra1+ 52. Kf2 Ra2+ 53. Kf1 Ke4 54. Rxg5 Nf3 55. Bxf3+ Kxf3 56. Ke1 Ra1+ 57. Kd2 Kf2 58. Kd3 Re1 59. Kd2 f3 60. Rh5 Re8 61. Rf5 Rd8+ 62. Kc2 Ke2 63. Re5+ Kf1 64. Rh5 f2 65. Rg5 Rd4 66. Kc3 Rd7 67. Kc2 Rd6 68. Kc3 Ke1 69. Re5+ Kd1 70. Rf5 Rd2 71. Ra5 Rc2+ 72. Kb3 f1Q 0-1

[Event "Bayern-chI Bank Hofmann 27th"]
[Site "Gmund am Tegernsee"]
[Date "2024.10.28"]
[Round "3"]
[White "Gernhuber, Darian"]
[Black "Graf, Christian"]
[Result "1/2-1/2"]
[WhiteElo "1886"]
[BlackElo "2050"]
[PlyCount "37"]
[EventDate "2024.10.26"]
[EventType "swiss"]
[EventRounds "9"]
[EventCountry "GER"]
[SourceTitle "CB45_2024"]
[Source "ChessBase"]
[SourceDate "2024.11.06"]
[SourceVersion "1"]
[SourceVersionDate "2024.11.06"]
[SourceQuality "1"]

1. d4 d5 2. Nc3 Nf6 3. Bf4 c5 4. e3 cxd4 5. exd4 Bg4 6. Be2 Bxe2 7. Ngxe2 Nc6 8. 0-0 e6 9. a3 Be7 10. Qd3 0-0 11. b4 Rc8 12. Rfd1 a5 13. b5 Nb8 14. Na4 Nbd7 15. Nec3 Rc4 16. Nb2 Rc8 17. Nba4 Rc4 18. Nb2 Rc8 19. Nba4 1/2-1/2